Language Quiz

Random Language Quiz

Ends in Mi Quiz Stats

 Plays Quiz not verified by Sporcle

Challenge
Share
Tweet
Embed
Score 0/35 Timer 06:00
0 Plays Today
clue Word % Correct
Japanese art of folding paperOrigami
86.2%
My or me in SpanishMi
72.4%
King Kong's Australian actress ________ WattsNaomi
58.6%
Famous city in FloridaMiami
55.2%
Large ocean waves produced by earthquakesTsunami
55.2%
Italian sandwich meat/sausageSalami
51.7%
Japanese video game developerKonami
44.8%
A truck without its trailer/prefix for close or almostSemi
37.9%
Mr. HendrixJimi
37.9%
Japanese cuisine dish consisting of thin slices of raw fishSashimi
34.5%
Italian Physicist known for his work in Chicago Pile-1, Enrico...Fermi
34.5%
Finland in its native FinnishSuomi
34.5%
Mommy in SpanishMami
34.5%
City in California, ______ ValleySimi
31%
Jewish sandwich meatPastrami
31%
One of the world's largest recording label, now defunctEMI
31%
American actress ________ Rogers and Tom Cruise's first wifeMimi
31%
Ghost's American actress _________ MooreDemi
27.6%
clue Word % Correct
Fargo's American actor Steve ___________Buscemi
27.6%
Another name for the Lapps or Laplanders peopleSami
24.1%
Soft candy usually in the form of a bearGummi
20.7%
Prometheus' Swedish actress _________ RapaceNoomi
17.2%
One of the Russian republicsKomi
17.2%
Large city in South KoreaGumi
17.2%
Jesus words to the girl, Talitha....Cumi
13.8%
A type of engine used by several car manufacturersHemi
13.8%
Jersey Shore's ________ GiancolaSammi
13.8%
French boys name, short for RemigiusRemi
13.8%
Spanish and Italian version of NaomiNoemi
10.3%
Large city in Georgia, EuropeBatumi
10.3%
City in Malta also known as Citta PintoQormi
10.3%
Capital city of Lapland, FinlandRovaniemi
10.3%
'Like Water for Chocolate' actress ______ CavazosLumi
10.3%
Large desert in northern AustraliaTanami
6.9%
Scream's American film music composer Marco...Beltrami
6.9%

You're not logged in!

Compare scores with friends on all Sporcle quizzes.
Join for Free
OR
Log In

You Might Also Like...

Show Comments

Extras

Created Nov 21, 2014ReportNominate
Tags:end, ending

Top Quizzes Today


Score Distribution

Your Account Isn't Verified!

In order to create a playlist on Sporcle, you need to verify the email address you used during registration. Go to your Sporcle Settings to finish the process.

Report this User

Report this user for behavior that violates our Community Guidelines.

Details: